|
|
|
|
| LEADER |
00000nab a2200000 a 4500 |
| 001 |
vtls000568241 |
| 003 |
SK-MaSNL |
| 005 |
20260304094949.0 |
| 008 |
250425c1995 xo 0 slo |
| 015 |
|
|
|a SNBRB19rr/mm-uuuuu
|
| 035 |
|
|
|a CL0568379
|
| 035 |
|
|
|a urn:nbn:sk:snk-abeou
|
| 035 |
|
|
|a (urnnbn)urn:nbn:sk:snk:ar-a03not
|
| 035 |
|
|
|a (uuid)055f5a31-9440-40b3-a05a-7474094ece32
|
| 040 |
|
|
|a SNKBUCL
|b slo
|c SNKBUCL
|e AACR2
|
| 041 |
0 |
|
|a eng
|
| 044 |
|
|
|a xo
|c SK
|
| 080 |
|
|
|a 621.382.2
|2 1981
|
| 245 |
0 |
0 |
|a Analysis of Reverse I-V Characteristics of Au/p-CdTe Schottky Diodes
|c Alena Grmanová, Světla Vacková, Juraj Racko, Juraj Breza
|
| 300 |
|
|
|b Obr. 1, tab. 1, lit. 4 zázn. v angl.
|
| 650 |
0 |
7 |
|a diódy Schottkyho
|2 snkbucl
|9 952991
|
| 655 |
|
7 |
|a články z novín a časopisov
|2 snkbucl
|9 267496
|
| 700 |
1 |
|
|a Grmanová, Alena
|4 aut
|9 791579
|
| 700 |
1 |
|
|a Vacková, Světla
|4 aut
|9 574936
|
| 700 |
1 |
|
|a Racko, Juraj
|4 aut
|9 791578
|
| 700 |
1 |
|
|a Breza, Juraj,
|d 1951-
|4 aut
|9 13469
|
| 773 |
0 |
|
|t Journal of electrical engineering
|g Roč. 46, č. 11 (1995), s. 378-380
|x 0013-578X
|
| 850 |
|
|
|a Slovenská národná knižnica
|
| 852 |
|
|
|a Slovenská národná knižnica
|
| 958 |
|
|
|a article27
|
| 958 |
|
|
|a RK
|
| 958 |
|
|
|a OND
|
| 958 |
|
|
|a EUIPO
|
| 992 |
|
|
|a RBX
|
| 999 |
|
|
|c 2829949
|d 2831879
|